000 00402nam a22001577a 4500
003 NUST - PNEC
005 20170116181041.0
008 150922b xxu||||| |||| 00| 0 eng d
040 _cLIBRARY
082 _a621.3815 MOS
100 _911609
_aMostek
245 _aMOSTEK 1980 circuits and systems product
_cMOSTEK
260 _c1980
650 _99259
_aElectronic circuits
_xEE, EL
942 _2ddc
_cBK
999 _c68115
_d68115